|
|
|
|
| LEADER |
00000nam a2200000 4500 |
| 001 |
c124325 |
| 005 |
20221124103448.2 |
| 020 |
|
|
|a 80-7169-995-0
|
| 041 |
0 |
|
|a cze
|
| 044 |
|
|
|a CZ
|
| 245 |
1 |
0 |
|a Marketing služeb
|c Lidmila Janečková, Miroslava Vaštíková
|
| 264 |
|
1 |
|a Praha
|b GRADA
|c 2001
|
| 300 |
|
|
|a 179 s.
|
| 490 |
1 |
|
|a Manažer
|
| 830 |
|
0 |
|a Manažer
|
| 610 |
2 |
0 |
|a služby
|
| 610 |
2 |
0 |
|a marketing
|
| 610 |
2 |
0 |
|a systémy informačné
|
| 610 |
2 |
0 |
|a výskum
|
| 610 |
2 |
0 |
|a výskum trhu
|
| 610 |
2 |
0 |
|a plánovanie strategické
|
| 610 |
2 |
0 |
|a analýzy
|
| 610 |
2 |
0 |
|a produkty
|
| 610 |
2 |
0 |
|a distribúcia
|
| 610 |
2 |
0 |
|a komunikácia marketingová
|
| 610 |
2 |
0 |
|a zamestnanci
|
| 100 |
1 |
|
|a Janečková, Lidmila
|
| 700 |
1 |
|
|a Vaštíková, Miroslava
|